Vol. 1683 : Advanced Materials with Hierarchical Structure for New Technologies and Reliable Structures: Proceedings of the International Conference, 21–25 September 2015, Tomsk, Russia; AIP Conference Proceedings

التفاصيل البيبلوغرافية
Parent link:AIP Conference Proceedings. Vol. 1683 : Advanced Materials with Hierarchical Structure for New Technologies and Reliable Structures
مؤلفون مشاركون: National Research Tomsk Polytechnic University (TPU), Advanced Materials with Hierarchical Structure for New Technologies and Reliable Structures
مؤلفون آخرون: Panin V. E. Viktor Evgenyevich (редактор), Psakhie S. G. Sergey Grigorievich, Fomin V. M.
الملخص:Title screen
Режим доступа: по договору с организацией-держателем ресурса
اللغة:الإنجليزية
منشور في: 2015
الموضوعات:
الوصول للمادة أونلاين:http://aip.scitation.org/toc/apc/1683/1?expanded=1683
التنسيق: الكتروني كتاب
KOHA link:https://koha.lib.tpu.ru/cgi-bin/koha/opac-detail.pl?biblionumber=644695

MARC

LEADER 00000nlm2a2200000 4500
001 644695
005 20231102025339.0
035 |a (RuTPU)RU\TPU\network\9779 
090 |a 644695 
100 |a 20151126a2015 k y0engy50 ba 
101 0 |a eng 
105 |a a z 100zy 
135 |a drcn ---uucaa 
181 0 |a i  
182 0 |a b 
200 0 |a Vol. 1683 : Advanced Materials with Hierarchical Structure for New Technologies and Reliable Structures  |e Proceedings of the International Conference, 21–25 September 2015, Tomsk, Russia  |f National Research Tomsk Polytechnic University (TPU) ; ed. V. E. Panin ; S. G. Psakhie ; V. M. Fomin 
203 |a Text  |c electronic 
210 |d 2015 
300 |a Title screen 
333 |a Режим доступа: по договору с организацией-держателем ресурса 
461 1 |0 (RuTPU)RU\TPU\network\4816  |t AIP Conference Proceedings  |v Vol. 1683 : Advanced Materials with Hierarchical Structure for New Technologies and Reliable Structures 
606 1 |a Материаловедение  |2 stltpush  |3 (RuTPU)RU\TPU\subj\41248  |9 61053 
610 1 |a конференции 
610 1 |a труды учёных ТПУ 
675 |a 620.22(063)  |v 4 
702 1 |a Panin  |b V. E.  |c Director of Russian materials science center  |c Research advisor of Institute of strength physics and materials science of Siberian branch of Russian Academy of Sciences  |f 1930-  |g Viktor Evgenyevich  |2 stltpush  |3 (RuTPU)RU\TPU\pers\26443  |4 340 
702 1 |a Psakhie  |b S. G.  |c physicist  |c head of laboratory, Advisor to the rector, head of Department, Tomsk Polytechnic University, doctor of physico-mathematical Sciences  |f 1952-  |g Sergey Grigorievich  |2 stltpush  |3 (RuTPU)RU\TPU\pers\33038  |4 340 
702 1 |a Fomin  |b V. M.  |4 340 
712 0 2 |a National Research Tomsk Polytechnic University (TPU)  |2 stltpush  |3 (RuTPU)RU\TPU\col\18773 
712 1 2 |a Advanced Materials with Hierarchical Structure for New Technologies and Reliable Structures  |c Conference  |e Tomsk  |f 2015 
801 2 |a RU  |b 63413507  |c 20171012  |g RCR 
856 4 |u http://aip.scitation.org/toc/apc/1683/1?expanded=1683 
942 |c CF